<?xml version="1.0" encoding="UTF-8"?>
<record
    xmlns:xsi="http://www.w3.org/2001/XMLSchema-instance"
    xsi:schemaLocation="http://www.loc.gov/MARC21/slim http://www.loc.gov/standards/marcxml/schema/MARC21slim.xsd"
    xmlns="http://www.loc.gov/MARC21/slim">

  <leader>00482    a2200157   4500</leader>
  <datafield tag="999" ind1=" " ind2=" ">
    <subfield code="c">60563</subfield>
    <subfield code="d">60563</subfield>
  </datafield>
  <controlfield tag="005">20230906104410.0</controlfield>
  <controlfield tag="008">230906s1989    enk||||| |||| 00| 0 eng d</controlfield>
  <datafield tag="020" ind1=" " ind2=" ">
    <subfield code="a">0859892395</subfield>
  </datafield>
  <datafield tag="041" ind1=" " ind2=" ">
    <subfield code="a">eng</subfield>
  </datafield>
  <datafield tag="080" ind1=" " ind2=" ">
    <subfield code="a">72.071.4 R-75</subfield>
  </datafield>
  <datafield tag="245" ind1=" " ind2=" ">
    <subfield code="a">Roman Public Buildings /</subfield>
    <subfield code="c">Edited by Ian M. Barton.</subfield>
  </datafield>
  <datafield tag="264" ind1=" " ind2=" ">
    <subfield code="c">1989.</subfield>
    <subfield code="a">Exeter,</subfield>
  </datafield>
  <datafield tag="300" ind1=" " ind2=" ">
    <subfield code="a">177 p. :</subfield>
    <subfield code="b">ill.;</subfield>
    <subfield code="c">21 cm.</subfield>
  </datafield>
  <datafield tag="653" ind1=" " ind2=" ">
    <subfield code="a">&#x10E0;&#x10DD;&#x10DB;&#x10D0;&#x10E3;&#x10DA;&#x10D8; &#x10E1;&#x10D0;&#x10D6;&#x10DD;&#x10D2;&#x10D0;&#x10D3;&#x10DD;&#x10D4;&#x10D1;&#x10E0;&#x10D8;&#x10D5;&#x10D8; &#x10E8;&#x10D4;&#x10DC;&#x10DD;&#x10D1;&#x10D4;&#x10D1;&#x10D8;</subfield>
  </datafield>
  <datafield tag="942" ind1=" " ind2=" ">
    <subfield code="2">udc</subfield>
    <subfield code="c">BK</subfield>
  </datafield>
  <datafield tag="952" ind1=" " ind2=" ">
    <subfield code="0">0</subfield>
    <subfield code="1">0</subfield>
    <subfield code="2">udc</subfield>
    <subfield code="4">0</subfield>
    <subfield code="6">720714_R75</subfield>
    <subfield code="7">0</subfield>
    <subfield code="9">95759</subfield>
    <subfield code="a">CPL</subfield>
    <subfield code="b">CPL</subfield>
    <subfield code="c">GEN</subfield>
    <subfield code="d">2023-09-06</subfield>
    <subfield code="g">5.00</subfield>
    <subfield code="o">72.071.4 R-75</subfield>
    <subfield code="p">65179</subfield>
    <subfield code="r">2023-09-06</subfield>
    <subfield code="t">65179</subfield>
    <subfield code="u">&#x10D1;&#x10E1;&#x10E3;-&#x10E1; &#x10E1;&#x10D0;&#x10DE;&#x10D0;&#x10E2;&#x10D8;&#x10DD; &#x10D3;&#x10DD;&#x10E5;&#x10E2;&#x10DD;&#x10E0;&#x10D8;&#x10E1; &#x10D2;&#x10E3;&#x10E0;&#x10D0;&#x10DB; &#x10DA;&#x10DD;&#x10E0;&#x10D7;&#x10E5;&#x10D8;&#x10E4;&#x10D0;&#x10DC;&#x10D8;&#x10EB;&#x10D8;&#x10E1; &#x10E1;&#x10D0;&#x10E9;&#x10E3;&#x10E5;&#x10D0;&#x10E0;&#x10D8;</subfield>
    <subfield code="w">2023-09-06</subfield>
    <subfield code="y">BK</subfield>
    <subfield code="z">5 &#x10DA;.</subfield>
  </datafield>
</record>
